000 00920nam a2200253 i 4500
001 13649
003 ES-MaACL
005 20230906150631.0
007 t|
008 920904s1989 sp ||||0| spa d
016 7 _zCHM920001582
020 _a84-7498-341-X
040 _aCHM
_bspa
_cCHM
080 _a630.43
100 1 _aElvira Martín, Luis M.
_947127
245 1 0 _aInflamabilidad y energía de las especies de sotobosque /
_cLuis Miguel Elvira Martín, Carmen Hernando Lara.
260 _aMadrid :
_bInstituto Nacional de Investigaciones Agrarias,
_c1989.
300 _a99 p. ;
_c24 cm.
500 _aEn la cub., además: (Estudio piloto con aplicación a los incendios forestales)
650 1 4 _aIncendios forestales-
_xPrevención.
_913648
700 1 _aHernando Lara, Carmen.
_963110
710 2 _aInstituto Nacional de Investigaciones Agrarias (España)
_95168
852 _aES-MaACL
_jL-21035
_bR.117484
999 _c13649
_d13649